Estudi sobre l'inventari de l'equipament informàtic dels ajuntaments de la província de Barcelona : any 1996 any 1996
Publicado:
Barcelona :
Diputació de Barcelona, Àrea de Règim Interior, Hisenda i Planificació, Pla d'assistència en tecnologies de la informació ,
1997
Descripción Física:
59 p. : il. ; 30 cm
MARC
| LEADER | 00000nam a2200000Ia 4500 | ||
|---|---|---|---|
| 001 | 11856 | ||
| 003 | BGR | ||
| 005 | 20260324175218.0 | ||
| 008 | 160829s1997 xx 000 0 cat d | ||
| 080 | |a C-2-163 | ||
| 245 | |a Estudi sobre l'inventari de l'equipament informàtic dels ajuntaments de la província de Barcelona : |b any 1996 | ||
| 260 | |a Barcelona : |b Diputació de Barcelona, Àrea de Règim Interior, Hisenda i Planificació, Pla d'assistència en tecnologies de la informació, |c 1997 | ||
| 300 | |a 59 p. : |b il. ; |c 30 cm | ||
| 650 | |a Municipis |x Govern i administració |x Barcelona (Província) |x Informàtica |9 20727 | ||
| 710 | |a Barcelona (Catalunya : Província). |b Àrea de Règim Interior, Hisenda i Planificació |9 53667 | ||
| 710 | 1 | |a Barcelona (Catalunya : Província). |b Diputació |b Pla d'Assistència en Tecnologies de la Informació |9 52408 | |
| 901 | |a Arxiu | ||
| 942 | |n 1 |2 udc |c MON | ||
| 952 | |0 0 |1 0 |4 0 |6 C2163 |7 1 |9 41643 |a Arxiu |b Arxiu |d 2016-12-01 |l 0 |o C-2-163 |p 11856 |r 2016-12-01 00:00:00 |w 2016-12-01 |y ARXIU | ||
| 999 | |c 43533 |d 43533 | ||